| 000 | 00633nam a2200229 a 4500 | ||
|---|---|---|---|
| 999 |
_c10205 _d10205 |
||
| 001 | 10205 | ||
| 003 | BD-JhCC | ||
| 005 | 20180421091944.0 | ||
| 008 | 180421s1986 n a|||| || | 000 0 eng d | ||
| 035 | _a(BD-JhCC)10205 | ||
| 040 |
_aBD-JhCC _dBD-JhCC |
||
| 041 | _aeng | ||
| 082 |
_a550 _bDAN 1986 |
||
| 100 | _aDanielson, Eric W | ||
| 245 |
_aMamillan Earth Science Laboratory and Skills Manual / _cEric W Danielson & Edward J. Denecke |
||
| 260 |
_aNew York : _bMacmillan Publishing Company, _c1986 |
||
| 300 |
_a22 p. : _c28 cm. |
||
| 650 | _aEarth | ||
| 700 | _aDenecke, Edward J. | ||
| 942 |
_2ddc _cBK |
||